Cryptic Countries - Statistics

General Stats
  • This quiz has been taken 213 times
  • The average score is 5 of 12
Answer Stats
Hint Country Explanation % Correct
Sounds peckish in Europe HUNGARY Hungry sounds like HUNGARY (in Europe)
79%
I sprinted to the Middle East IRAN I + RAN
79%
Peruvian capital flipped into Africa MALI LIMA anagram of MALI
64%
The lair of Mr Wahlberg where the little mermaid sits DENMARK DEN + MARK (where the Little Mermaid statue is located)
56%
First two awesome letters written in previous country, but remain on same continent MALAWI MAL + AW + I (on same continent as MALI)
40%
Plane crash amongst tall mountains NEPAL PLANE anagram of NEPAL (amongst tall mountains)
38%
Chant a skin opening in a tiny nation SINGAPORE SING + A + PORE
36%
Island nation in thermal tablelands MALTA in therMAL TAblelands
30%
Leaders of various international entities take note and meet in Asia VIETNAM Leaders = first letters of Various International etc.
22%
Agile, so thought a landlocked nation was hidden there LESOTHO agiLE SO THOught
18%
Frozen princess left Virginia to do right by this small, volcanic nation EL SALVADOR ELSA + L + VA + DO + R
14%
The nanny came first and last where the tour goes FRANCE FRAN + CamE (first and last letters) (where The Tour goes)
12%
No matching quizzes found
Score Distribution
Percent of People with Each Score
Percentile by Number Answered
Your Score History
You have not taken this quiz